Casa Carrillo : Escala 1 : 50 : 1992 /

Casa proyectada por el arquitecto Julio de la Peña para la señora Leticia Macarena Ituarte Gómez en Tlalnepantla, fraccionamiento El Bosque, lotes 79 y 81. Contenido: Vestíbulo; Escalera de servicio; Sala; Biblioteca; Hall planta baja; Pórtico; Pórtico alzado; Hall planta superior; Cantina; Comedor;...

Πλήρης περιγραφή

Αποθηκεύτηκε σε:
Λεπτομέρειες βιβλιογραφικής εγγραφής
Κύριος συγγραφέας: Peña, Julio de la (arquitecto)
Μορφή: Εικόνα
Θέματα:
Διαθέσιμο Online:Ver documento en línea
Ετικέτες: Προσθήκη ετικέτας
Δεν υπάρχουν, Καταχωρήστε ετικέτα πρώτοι!

MARC

LEADER 00000nkm^a2200000^a^4500
001 000193166
005 20251023000000.0
009 20260310102633.14
037 |a Acervo ITESO - Biblioteca 
041 |a GRA 
082 |a 720. 97206  |b PEÑ VIV CAR V. 10 
100 |a Peña, Julio de la  |e (arquitecto) 
240 1 1 |a [Vivienda de Julio de la Peña] 
240 1 1 |a [Casa Carrillo] 
240 1 1 |a [Casa Carrillo: plantas] 
240 1 1 |a [Casa Carrillo: alzados] 
240 1 1 |a [Casa Carrillo: cortes] 
245 1 0 |a Casa Carrillo :  |b Escala 1 : 50 : 1992 /  |c J. de la Peña. 
255 |a Escala 1 : 50 
264 0 |a Guadalajara, México :  |b dibujo inédito,  |c 1992 
300 |a 9 láminas en papel albanene 
300 |a Múltiples dibujos arquitectónicos :  |b dibujo a tinta amarilla, café y negra ;  |c 61.5 x 90.5 cm. 
336 |a imagen fija bidimensional :  |b sti  |2 rdacontenido 
337 |a sin mediación  |b n  |2 rdamedio 
338 |a plano arquitectónico  |b nz  |2 rdasoporte 
520 |a Casa proyectada por el arquitecto Julio de la Peña para la señora Leticia Macarena Ituarte Gómez en Tlalnepantla, fraccionamiento El Bosque, lotes 79 y 81. Contenido: Vestíbulo; Escalera de servicio; Sala; Biblioteca; Hall planta baja; Pórtico; Pórtico alzado; Hall planta superior; Cantina; Comedor; Antecomedor cocina; Juegos; Recámara señores; Hall planta alta; Gimnasio; Galería; Recámara niños 1; Recámara niños 2. 
649 |a XX 
650 |a Arquitectos Jaliscienses 
650 |a Arquitectos Mexicanos 
650 |a Artistas Jaliscienses 
650 |a Artistas Mexicanos 
650 |a Residencias -  |z México (Ciudad) -  |x Tema Principal 
650 |a Residencias -  |z México 
650 |a Vivienda (Distribución) -  |x Tema Principal 
650 |a Vivienda -  |z México (Ciudad) 
650 |a Vivienda -  |z México 
650 |a Planos Arquitectónicos -  |x Tema Principal 
650 |a Planos Arquitectónicos -  |x Plantas 
650 |a Planos Arquitectónicos -  |x Alzados 
650 |a Planos Arquitectónicos -  |x Cortes 
650 |a Dibujo Arquitectónico 
650 |a Dibujo Técnico 
650 |a Representación Arquitectónica 
650 |a Diseño Arquitectónico 
650 |a Arquitectura Moderna -  |z México (Ciudad) -  |x Tema Principal 
650 |a Arquitectura Moderna -  |z México 
650 |a Arquitectura Jalisciense -  |y 1990-1999 
650 |a Arquitectura Jalisciense -  |y Siglo XX 
650 |a Arquitectura Mexicana -  |y 1990-1999 
650 |a Arquitectura Mexicana -  |y Siglo XX 
650 |a Arte Moderno -  |z México (Ciudad) 
650 |a Arte Moderno -  |z México 
650 |a Arte Jalisciense -  |y 1990-1999 
650 |a Arte Jalisciense -  |y Siglo XX 
650 |a Arte Mexicano -  |y 1990-1999 
650 |a Arte Mexicano -  |y Siglo XX 
600 |a Peña, Julio de la 
856 4 0 |u https://apps.biblio.iteso.mx/videre/ver.aspx?ns=000193166  |y Ver documento en línea 
910 |a Fondo Julio de la Peña Lomelín 
920 |a Gráficos - Planos Arquitectónicos 
940 |a Arquitectos Jaliscienses 
905 |a 501 
901 |a 0500141320  |b IT2  |c ARQ  |u 20250521 
901 |a 0500141323  |b IT2  |c ARQ  |u 20250521 
901 |a 0500141326  |b IT2  |c ARQ  |u 20250521 
901 |a 0500141322  |b IT2  |c ARQ  |u 20250521 
901 |a 0500141319  |b IT2  |c ARQ  |u 20250521 
901 |a 0500141316  |b IT2  |c ARQ  |u 20250521 
901 |a 0500141313  |b IT2  |c ARQ  |u 20250521 
901 |a 0500141310  |b IT2  |c ARQ  |u 20250521 
901 |a 0500141307  |b IT2  |c ARQ  |u 20250521 
902 |a https://opac.biblio.iteso.mx/vufind/Record/000193166